000 00514nam a2200181Ia 4500
005 20250326124157.0
008 250326s9999 xx 000 0 und d
037 _aTextbook
040 _aFMSL
_beng
_cFMSL
041 _aeng
_2eng
084 _aX:51 L1
_qFMSL
100 _aLipson H A
_9736915
245 0 _aIntroduction to marketing: administrative approach
_cLipson H A; Darling J R
260 _aNY
_bNY, John Wiley
_c1971
300 _a848p
942 _cTB
_hX:51 L1
999 _c1272605
_d1272605